|
|
|
|
| LEADER |
00000nab a2200000 a 4500 |
| 001 |
vtls001007663 |
| 003 |
SK-MaSNL |
| 005 |
20260303040534.0 |
| 008 |
040720e19990000xo 0 slo |
| 035 |
|
|
|a RV8263
|
| 040 |
|
|
|a RVGKPD
|b slo
|c RVGKPD
|e AACR2
|
| 041 |
0 |
|
|a slo
|
| 044 |
|
|
|a xo
|c SK
|
| 080 |
|
|
|a 784.4
|2 1981
|
| 080 |
|
|
|a 398.8
|2 1981
|
| 100 |
1 |
|
|a Kováč, Juraj,
|d 1945-
|4 aut
|9 214202
|
| 245 |
1 |
0 |
|a Kapitolky z histórie ľudovej hudby vo Vlachove
|b (Z podkladov pre Slovenský rozhlas)
|
| 300 |
|
|
|b 1 foto
|
| 650 |
0 |
7 |
|a ľudová hudba
|2 RVGKPD
|9 3183
|
| 651 |
|
7 |
|a Vlachovo (Slovensko)
|2 RVGKPD
|9 29546
|
| 655 |
|
7 |
|a periodikum
|2 snkbucl
|9 29553
|
| 773 |
0 |
8 |
|t Stromíš - Vlachovské noviny
|g Roč. 1, č.1 (1999), s. 5
|
| 852 |
|
|
|a ZVYKNI
|b KIS3GCP
|
| 999 |
|
|
|c 1682425
|d 1684355
|